000 00314nam a2200133Ia 4500
008 191201s2019 xx 000 0 und d
100 _aMC GRAW HILL
245 0 _aElectronics Engineers Handbook
250 _a1st.
260 _aN.Delhi
_bMcGraw Hill
300 _a27-39
650 _aB.Tech(ECE)
942 _2ddc
_cBK
999 _c2475
_d2475